Global Pringle Flavours Quiz Stats

Quiz not verified by Sporcle

Also try: 'Per Capita' Quiz
Challenge
Share
Tweet
Embed
Score 0/171 Timer 20:00
0 Plays Today
Hint Answer % Correct
Potato CrispsBacon and Cheese Potato
98.4%
Cheez UmmmsCheddar and Sour Cream
98.4%
Potato CrispsCheese and Onion
98.4%
Potato CrispsMayo Cheese
98.4%
Potato CrispsNew York Street Cheese Dog
98.4%
Potato CrispsCheddar and Sour Cream
98.4%
Cheez Ummms4 Cheese
98.4%
Potato CrispsZesty Southwest Cheese
98.4%
Potato CrispsCheese Carnival
98.4%
Potato CrispsChili Cheese
98.4%
Baked Wheat StixCheese
98.4%
TortillaNacho Cheese
98.4%
SelectSweet Potato Honey Chipotle BBQ
98.4%
Food Truck FlavoursGrilled Ham and Cheese
98.4%
TorengosPinch of Pepperjack Cheese
98.4%
Rewind EditionCheddar Cheese
98.4%
Potato CrispsBacon Ranch
96.8%
Potato CrispsSalt and Vinegar
96.8%
Potato CrispsTexas BBQ Sauce
96.8%
Potato CrispsJalapeno Bacon
96.8%
Potato CrispsSour Cream and Onion
96.8%
Limited EditionSea Salt and Pepper
96.8%
Rewind EditionSour Cream and Onion
96.8%
Potato CrispsLos Angeles Street BBQ Chicken
95.2%
Potato CrispsBourbon BBQ Chicken
95.2%
Family FavesCheddar BBQ
95.2%
Limited EditionTexas BBQ
95.2%
Potato CrispsBBQ
93.7%
Limited EditionCarolina BBQ
93.7%
XtraFiery Sweet BBQ
93.7%
Potato CrispsSmokey BBQ
93.7%
ExtremeSmokin' Hot Ranch
93.7%
Potato CrispsSweet Mesquite BBQ
93.7%
Limited EditionMemphis BBQ
93.7%
Fat FreeBBQ
93.7%
Restaurant CraversSlow Cooked BBQ
93.7%
SelectJalapeno Ranch
93.7%
SelectSzechuan BBQ Rice Crisps
93.7%
SelectSouthwestern BBQ
93.7%
Potato CrispsSmokey Bacon
92.1%
GourmetThai Sweet Chili and Lemon Grass
92.1%
Potato CrispsBacon Caesar Salad
90.5%
Potato CrispsBuffalo Ranch
88.9%
Limited EditionHot and Spicy Wonton
88.9%
Limited EditionBuffalo Ranch Dip
88.9%
Potato CrispsHot and Spicy
88.9%
SelectCinnamon Sweet Potato
88.9%
TortillaSouthwest Ranch
88.9%
Multi GrainCreamy Ranch
88.9%
Limited EditionJalapeno Cheddar
87.3%
Potato CrispsRanch-Rageous
87.3%
Potato CrispsSpanish Salsa Pizza
87.3%
Cheez UmmmsMild Jalapeno Cheddar
87.3%
Potato CrispsWhite Cheddar and Black Pepper
87.3%
Potato CrispsHot Diggity Dog
84.1%
Food Truck FlavoursKickin' Chicken Taco
84.1%
Potato CrispsFiery Hot
82.5%
Hint Answer % Correct
Baked Wheat StixPizza
82.5%
SelectPotato Cheddar Jack
82.5%
Potato CrispsWisconsin White Cheddar
82.5%
Potato CrispsPizza-licious
82.5%
Limited EditionLime and Black Pepper
82.5%
Family FavesWhite Cheddar
82.5%
Game TimeFrench Onion Dip
82.5%
Potato CrispsZesty Lime and Chili
81%
Street FoodBangkok Chicken Wing
81%
Potato CrispsJalapeno
79.4%
Potato CrispsTandoori Chicken
79.4%
Potato CrispsRoast Chicken
79.4%
Singapore EditionChicken Rice
79.4%
Potato CrispsSpicy Guacamole
77.8%
Frank's Red HotChile n Lime
77.8%
Potato CrispsHoney Mustard
76.2%
Potato CrispsLoaded Baked Potato
76.2%
Potato CrispsSpicy Cajun
76.2%
Potato CrispsChipotle Cheddar
76.2%
Restaurant CraversOnion Blossom
76.2%
Limited EditionChipotle Lemon
74.6%
ExtremeKickin' Cheddar
74.6%
SelectCheddar Jack
74.6%
Singapore EditionChili Crab
74.6%
Multi GrainCheesy Cheddar
74.6%
GourmetTiger Prawn and Crushed Garlic
71.4%
Baked Wheat StixHoney Butter
71.4%
Multi GrainFarmhouse Cheddar
71.4%
XtraTangy Buffalo Wing
69.8%
Potato CrispsReduced Fat Original
69.8%
Frank's Red HotBuffalo Wing
69.8%
Limited EditionWhite Chocolate Peppermint
69.8%
Limited EditionWhite Chocolate
69.8%
ExtremeBlazin' Buffalo Wing
69.8%
Fruit and NutLemon and Sesame
68.3%
Limited EditionOld American Circus Funky Mustard
66.7%
Potato CrispsOriginal
66.7%
Limited EditionSalsa de Chile Habanero
66.7%
Frank's Red HotOriginal
66.7%
RidgesOriginal
66.7%
TortillaTruly Original
66.7%
Rewind EditionOriginal
66.7%
Multi GrainTruly Original
66.7%
Hot SauceOriginal
66.7%
Restaurant CraversMexican Layered Dip
63.5%
Potato CrispsKetchup
61.9%
Limited EditionMilk Chocolate
61.9%
Potato CrispsWasabi and Soy Sauce
61.9%
TortillaZesty Salsa
61.9%
Limited EditionRoast Turkey
60.3%
Original ColouredBlue Summer 2004
58.7%
Potato CrispsGrand Canyon French Fries
57.1%
Limited EditionSalsa Verde
57.1%
Potato CrispsMango Salsa
57.1%
TorengosSplash of Salsa
57.1%
Potato CrispsPrawn Cocktail
55.6%
TortillaCinnamon Sugar
55.6%
Hint Answer % Correct
Limited EditionCinnamon and Sugar
55.6%
Limited EditionMint Choc
55.6%
SelectSun Dried Tomato
55.6%
Singapore EditionCereal Prawn
55.6%
GourmetFlame Grilled Steak
52.4%
Original ColouredRed Summer 2004
52.4%
Hot SauceRoasted Garlic
52.4%
Hot SauceChipotle
52.4%
Potato CrispsBeef Kebab
50.8%
Potato CrispsGrilled Shrimp
50.8%
SelectParmesan Garlic
50.8%
Potato CrispsGarlic Seafood
49.2%
Potato CrispsFrench Consomme
46%
Limited EditionCheesy Fries
44.4%
Restaurant CraversCheesy Fries
44.4%
Potato CrispsPaprika
42.9%
ExtremeScreamin' Dill Pickle
42.9%
Potato CrispsSoft-Shell Crab
42.9%
Family FavesTaco Night
42.9%
Limited EditionSausage
39.7%
Potato CrispsLightly Salted
38.1%
Limited EditionSalted Caramel
36.5%
Potato CrispsKeema Curry
34.9%
Potato CrispsCurry
34.9%
Game TimeZesty Queso
34.9%
Street FoodHong Kong Fish Ball
34.9%
Limited EditionPumpkin Pie Spice
33.3%
Limited EditionChile con Queso
33.3%
Potato CrispsCrunchy Dill
31.7%
Potato CrispsWild Spice
30.2%
Limited EditionChile y Limon
30.2%
Limited EditionCheeseburger
28.6%
Food Truck FlavoursCheeseburger
28.6%
Restaurant CraversCheeseburger
28.6%
Potato CrispsSmoked Salami
27%
Limited EditionPecan Pie
27%
Limited EditionCheesy Quesadilla
25.4%
ExtremeSmokin' Ribs
25.4%
Potato CrispsWild Consomme
20.6%
Restaurant CraversMozzarella Sticks and Marinara
20.6%
Potato CrispsSriracha
17.5%
Fruit and NutBlueberry and Hazelnut
15.9%
Potato CrispsFun Picnic
15.9%
Potato CrispsSeaweed
15.9%
Game TimePhilly Cheesesteak
14.3%
PrintsGuinness World Records 2006
9.5%
Potato CrispsNight Club
7.9%
ExtremeTorchin' Tamale
7.9%
Street FoodIndonesian Satay
7.9%
Potato CrispsRock the Floor
6.3%
Potato CrispsBruschetta
6.3%
Cheez UmmmsCheez Ums
6.3%
PrintsMusic Trivia
4.8%
PrintsDaytona 500
4.8%
Limited EditionPigs in Blankets
1.6%
PrintsTrivial Pursuit
1.6%
Limited EditionNightstar
0%

You're not logged in!

Compare scores with friends on all Sporcle quizzes.
Sign Up with Email
OR
Log In

You Might Also Like...

Show Comments

Extras

Top Quizzes Today


Score Distribution

Your Account Isn't Verified!

In order to create a playlist on Sporcle, you need to verify the email address you used during registration. Go to your Sporcle Settings to finish the process.